Territoires de l'Empire Britannique au début du 20ᵉ siècle - Statistiques

Statistiques générales
  • Ce quiz a été pris 47 fois
    37 depuis la dernière actualisation
  • Le résultat moyen est 17 sur 40
Statistiques - réponses
Réponse % Correct
Australie
84%
Inde
84%
Canada
81%
Nouvelle-Zélande
75%
Pakistan
75%
Afrique du Sud
72%
Soudan
66%
Kenya
63%
Bangladesh
53%
Ghana
53%
Royaume-Uni
53%
Jamaïque
50%
Yémen
50%
Zimbabwe
50%
États-Unis
44%
Jordan
44%
Nigeria
44%
Oman
44%
Sri Lanka
44%
Palestine
41%
Bahamas
38%
Irak
38%
Malaisie
38%
Malawi
38%
Singapour
38%
Somalie
38%
Barbade
34%
Brunei
34%
Émirats Arabes Unis
34%
Seychelles
34%
Gambie
31%
Guyane
31%
Hong Kong
28%
Maurice
28%
Sierra Leone
25%
Trinité-et-Tobago
22%
Bermudes
16%
Chypre
16%
Îles Malouines
9%
Îles Fidji
0%
Aucun quiz correspondant
Distribution des résultats
% des personnes avec chaque résultat
Percentile par nombre de réponses
Votre historique - résultats
Vous n’avez pas pris ce quiz depuis la dernière actualisation